Fracasos escolares : aproximaciones para su interpretación.

Uloženo v:
Podrobná bibliografie
Hlavní autor: Tezanos de Mañana, Araceli de (autor)
Další autoři: Muñoz, Guillermo (autor) (autor), Romero, Emiliano (autor) (autor)
Médium: Kniha
Jazyk:španělština
Témata:
Tagy: Přidat tag
Žádné tagy, Buďte první, kdo vytvoří štítek k tomuto záznamu!

MARC

LEADER 00000cam^a2200000uu^4500
001 000480973
005 20250521000000.0
008 050901s1981^^^^^^^^^^^^rd^r^^000^0^spa^d
009 20260310125014.307
035 |a FCE 000023997 
035 |a FCE 008776 
037 |a Acervo ITESO - Biblioteca 
041 |a spa 
082 0 4 |a 371.28  |b TEZf 
100 |a Tezanos de Mañana, Araceli de  |e (autor) 
245 1 0 |a Fracasos escolares :  |b aproximaciones para su interpretación. 
264 |a Colombia :  |b UPN,  |c 1981. 
300 |a 48 p. 
336 |a texto  |b txt  |2 rdacontenido 
337 |a sin mediación  |b n  |2 rdamedio 
338 |a volumen  |b nc  |2 rdasoporte 
649 |a XX 
650 |a Educación básica 
650 |a Fracaso escolar 
650 |a Zona rural 
650 |a Escuela 
650 |a Zona urbana 
650 |a América Latina 
700 |a Muñoz, Guillermo  |e (autor) 
700 |a Romero, Emiliano  |e (autor) 
910 |a Fondo Centro de Estudios Educativos 
920 |a Impresos - Libros 
930 |a Fondos Especiales 
905 |a 133 
901 |a ALE008776  |b IT2  |c CEE  |u 20250521 
902 |a https://opac.biblio.iteso.mx/vufind/Record/000480973